| 000 | 00776 a2200181 4500 | ||
|---|---|---|---|
| 003 | Nust | ||
| 005 | 20221223101842.0 | ||
| 040 | _cNust | ||
| 082 | _a621.385,INS | ||
| 100 |
_aThe international telecommunication union _9105738 |
||
| 245 | _aInstructions for the international telephone service / | ||
| 260 |
_aThe international telecommunication union _bGeneva _c1965 |
||
| 300 |
_a119 p _billus _c24 cm |
||
| 505 | _aApplication of the Instructions (Page-5), General (Page-7), Advance Preparation Operating (Page-54), Semi-Preparation Operating (Page-73), Demand Working (Page-75),Automatic Operating (Page-100). | ||
| 600 |
_aThe international telecommunication union _9105738 |
||
| 650 |
_aInstructions for the international telephone service _9105739 |
||
| 942 |
_2ddc _cBK |
||
| 999 |
_c183719 _d183719 |
||